| 000 | 00530nam a22001695i 4500 | ||
|---|---|---|---|
| 001 | 168523 | ||
| 003 | ES-MaACL | ||
| 005 | 20230906213818.0 | ||
| 008 | 080417s1962 sp |||| | eng d | ||
| 080 | _a946.751 | ||
| 100 | 1 |
_aMacKenzie, Molly. _9137604 |
|
| 245 | 1 | 4 |
_aThe royal house of Majorca / _cby Molly Mackenzie. |
| 260 |
_aMajorca : _b[s.n.], _c1962 ( _ePalma de Mallorca : _fGráf. Miramar) |
||
| 300 |
_a122 p., 1 map. pleg. ; _c17 cm. |
||
| 651 | 4 |
_aMallorca- _xHistoria. _99016 |
|
| 852 |
_aES-MaACL _jE-2508 _9R.56695 |
||
| 999 |
_c168523 _d168523 |
||